| 000 | 02073cam a22003974i 4500 | ||
|---|---|---|---|
| 003 | PE-LiUPU | ||
| 005 | 20250731184545.0 | ||
| 008 | 150625s r 000 0 d | ||
| 035 | _a(Sirsi) a31049 | ||
| 040 |
_aPE-LiUPU _bspa _cPE-LiUPU _erda |
||
| 082 | 0 | 4 |
_a909 _bIb1 _221 |
| 100 | 1 |
_aIbarra y Rodriguez, Eduardo, dr., _eautor. |
|
| 245 | 1 | 0 |
_aHistoria del mundo en la edad moderna; la revolucion Francesa . _n7. |
| 264 | 1 |
_aBarcelona : _bramón Sopena, _c1956. |
|
| 336 |
_atext _2rdacontent |
||
| 337 |
_aunmediated _2rdamedia |
||
| 338 |
_avolume _2rdacarrier |
||
| 505 | 0 | _aLa filosofía y la revolución. - El gobierno de francia. - La hacienda. - Luis XVI. - Las elecciones para los estados generales. - Asamblea nacional y difusión de la Anarquía. - Constitución de 1791. - La asamblea legislativa. - Confesión nacional hasta la caída de la Gironda. - La política exterior de Pitt hasta que estallo con francia. - Las potencias Europeas y la cuestion de Oriente. - El terrorLa reacción termodoriana y el fin de la convección. - La guerra general. - La guerra marítima. - El directorio. - La extinción del reino de polonia. - Bonaparte y la conquista de Italia. - La expedición de Egipto. - Lucha por el dominio del Mediterraneo. - La segunda Coalización. - Brumario. - La hacienda de la revolución. - Legislación Francesa en el periódo de la revolución. - Europa y la revolución Francesa. | |
| 526 | _aP136 | ||
| 526 | _aP135 | ||
| 526 | _aP134 | ||
| 526 | _aP133 | ||
| 526 | _aP144 | ||
| 526 | _aP143 | ||
| 526 | _aP87 | ||
| 526 | _aP35 | ||
| 526 | _aP20 | ||
| 526 | _aP14 | ||
| 526 | _aP10 | ||
| 526 | _aP06 | ||
| 942 |
_2ddc _cBOOK |
||
| 949 |
_a909 Ib1 7 _wDEWEY _c1 _i03765 _lCCODEBUL1 _mBUL _p00.00 _r0 _sY _tBOOK _u2015-06-25 _xBIBLIOTECA _zUNKNOWN _0COMPRA _o.STAFF. Colección General |
||
| 596 | _a1 | ||
| 999 |
_a909 IB1 7 _wDEWEY _c38560 _i03765 _f2021-11-8 _g5 _lCCODEBUL1 _mBUL _r0 _sY _tBOOK _u2015-6-25 _xBIBLIOTECA _zUNKNOWN _0COMPRA _o.STAFF. Colección General _d38560 |
||
| 980 |
_81 _gALBERTO SANCHEZ Responsable de Automatización |
||